000 00665nam a2200217Ia 4500
003 OSt
005 20220926041324.0
006 a|||||r|||| 00| 0
007 ta
008 220923b |||||||| |||| 00| 0 eng d
037 _cGeneral Book
040 _aRTL
_cRTL
_beng
041 _2eng
_aeng
082 _aX.59250M595.Nn5, J3
100 _aDouglas Dorothy W
245 0 _aTransitional economic systems
_b The Polish-Czech ex
260 _c1953
490 _aInternational Library of Sociology and Social Reconstruction, Ed. by W J N Sprett
942 _hX.59250M595.Nn5, J3
_cGB
_2CC
999 _c666918
_d666918